banner-ar

مناهح البحث / (Record no. 62435)

MARC details
000 -الفاتح
حقل البيانات ثابتة الطول 00802nam a2200229 4500
005 - وقت وتاريخ اخر تعامل مع التسجيلة
رقم الضبط 20240530110550.0
008 - عناصر البيانات ثابتة الطول - معلومات عامة
حقل البيانات ثابتة الطول 160625s2014 ua a|||g bd|| 00| 0 ara d
017 ## - رقم الايداع القانونى
رقم الايداع القانونى 2013/22191
المصدر ( الهيئة المختصة) مصر. دار الكتب المصرية
020 ## - الرقم الدولى المعيارى للكتب
الرقم الدولى المعيارى للكتاب 9772329489
040 ## - مصدر الفهرسة
وكالة الفهرسة الأصلية EG-CaGPL
082 04 - رقم تصنيف ديوى العشرى
رقم التصنيف 001.42/
رقم المادة ع م
رقم الطبعة 21
100 0# - المدخل الرئيسى - إسم شخصى
الإسم الشخصى عبدالرحمن سيد سليمان
245 10 - بيان العنوان
العنوان مناهح البحث /
بيان المسئوليه,etc اعداد عبدالرحمن سيد سليمان.
250 ## - بيان الطبعة
بيان الطبعة ط. 1.
260 ## - PUBLICATION, DISTRIBUTION, ETC. (IMPRINT)
تاريخ النشر أو التوزيع 2014.
300 ## - الوصف المادى
التعداد 359 ص. :
تفاصيل ماديه اخرى للوعاء ايض. ؛
أبعاد الوعاء 24 سم.
500 ## - تبصرة عامة
تبصرة عامة يشتمل على قائمة مصطلحات.
504 ## - تبصرة ببليوجرافية
تبصرة ببليوجرافية,الخ ببليوجرافية : ص. 339-351.
650 04 - المدخل الاضافى بالموضوع-مصطلح موضوعى
مصطلح موضوعي طرق البحث
942 ## - عناصر المدخل الإضافي( كوها)
مصدر التصنيف او مخطط الترفيف Dewey Decimal Classification
Koha [default] item type كتاب
260 ## - PUBLICATION, DISTRIBUTION, ETC. (IMPRINT)
-- القاهرة :
-- عالم الكتب،
Holdings
حالة التراجع حالة الفقد حالة تلف ليس للاعارة المكان المؤقت الموقع الحالى تاريخ الاكتساب اجمالي اﻻعارات رقم الطلب الباركود تاريخ اخر مشاهدة تاريخ تفعيل السعر نوع وعاء كوها
        مكتبة القاهرة الكبرى مكتبة القاهرة الكبرى 06/25/2016   001.42/ ع م 162163 06/25/2016 06/25/2016 كتاب

Powered By

EGPV